000 00238nam a22001217a 4500
003 SGT
082 _a823
_bNAR
100 _aNARAYAN R.K
245 _aTHE GUIDE
260 _aUSA
_bPENGUIN PUB
_c2006
300 _a196
942 _2ddc
_cBK
999 _c33991
_d33991